| 000 | 02378nam2a2200253 4500 | ||
|---|---|---|---|
| 001 | RU\NLR\BIBL_A\016349130 | ||
| 005 | 20250625051642.0 | ||
| 010 |
_a978-5-299-01140-1 _bч. 2 _91000 |
||
| 035 | _a(NLR Aleph) 016349130 | ||
| 090 |
_a13115110 _c13115110 |
||
| 100 | _a20230419d2022 |||y0rusy50 ca | ||
| 101 | 0 | _arus | |
| 102 | _aRU | ||
| 105 | _aa j 000zy | ||
| 200 | 1 |
_aНеэпителиальные опухоли _fДобронец Виктор Вадимович - врач-эндоскопист, Кузин Михаил Николаевич, Шкалова Любовь Владимировна - канд. мед. наук, Радовский Вячеслав Валерьевич - врач-патологоанатом |
|
| 210 |
_d2022 _aБ. м. |
||
| 215 |
_a86 с. _cцв. ил., табл. |
||
| 320 | _aБиблиогр.: с. 84-86 | ||
| 461 | 0 |
_1001RU\NLR\BIBL_A\022019731 _12001#$aДоброкачественные опухоли желудка$eучебно-методическое пособие$eдля врачей-эндоскопистов, курсантов, обучающихся по специальности "Эндоскопия"$fКузин Михаил Николаевич, Добронец Виктор Вадимович - врач-эндоскопист, Шкалова Любовь Владимировна - канд. мед. наук, Радовский Вячеслав Валерьевич - врач-патологоанатом$vЧ. 2 _912508472 _cСанкт-Петербург _d2020 _fКузин Михаил Николаевич, Добронец Виктор Вадимович - врач-эндоскопист, Шкалова Любовь Владимировна - канд. мед. наук, Радовский Вячеслав Валерьевич - врач-патологоанатом _nСпецЛит _oучебно-методическое пособие : для врачей-эндоскопистов, курсантов, обучающихся по специальности "Эндоскопия" _tДоброкачественные опухоли желудка _y9785299010602 _vЧ. 2 |
|
| 606 | 1 |
_aЖелудок _jУчебно-методические пособия _xОпухоли _9909621 _3RU\NLR\AUTH\6612257 |
|
| 942 | _cBOOK | ||
| 980 | _aNB | ||